Parler et ecrire avec la bande dessinee

Αποθηκεύτηκε σε:
Λεπτομέρειες βιβλιογραφικής εγγραφής
Κύριος συγγραφέας: Rollet, G.
Μορφή: Βιβλίο
Γλώσσα:French
Δημοσίευση: [s.l.] : Hachette, 1978
Θέματα:
Ετικέτες: Προσθήκη ετικέτας
Δεν υπάρχουν, Καταχωρήστε ετικέτα πρώτοι!

MARC

LEADER 00000nam a2200000 i 4500
001 1/87697
008 970409s1978 fre d
020 |a 2-01-005104-1 
035 |a 1987  |b 2  |c Δωρεά  |l 10035308 
040 |a GR-MY-UA  |b gre  |e aacr 
041 0 |a fre 
082 0 |a 448 
100 1 |a Rollet, G. 
245 1 0 |a Parler et ecrire avec la bande dessinee /  |c G. Rollet 
260 |a [s.l.] :   |b Hachette,   |c 1978 
300 |a ... v. 
500 |a t. 2: bloc pour 5 eleves, materiel specialement concu pour l'enseignement du francais 
650 0 0 |a French language  |x Study and teaching  |x Foreign speakers. 
852 |a INST  |b RHODES  |e 19970409  |h 448 ROL  |p 005400000459  |q 005400000459  |t BK  |y 0  |z v.2 
852 |a INST  |b RHODES  |e 19970409  |h 448 ROL  |p 005400000459  |q 005400000459  |t BK  |v v.2:  |y 0  |z v.2 
853 |a INST  |b RHODES  |h 448 ROL 
909 |a Ρ  |b 004066  |c 1987 
970 |z 2000/08/ΔΕΜΕΝΑΓΑΣ ΠΕΤΡΟΣ